|
|
|
|
| LEADER |
00000cam a2200000 7i4500 |
| 001 |
0000004055 |
| 005 |
20151102.0 |
| 020 |
0 |
0 |
|a 9834187773
|
| 090 |
0 |
0 |
|a 577.68709595
|b ELI 2008
|
| 245 |
1 |
2 |
|a Pengusahasilan Berimpak Rendah Untuk Hutan Paya Gambut Tropika, Pahang Tenggara, Malaysia :
|b Garis panduan dibangunkan dengan menggunakan teknik Rimbaka
|c Elias dan Khali Aziz Hamzah
|
| 260 |
0 |
0 |
|a Selangor :
|b Jabatan Perhutanan Pahang ,
|c 2008
|
| 300 |
|
|
|a 49 pages :
|b ill.col. ;
|c 21 cm.
|
| 650 |
0 |
0 |
|a Peatland ecology
|z Pahang
|
| 650 |
0 |
0 |
|a Peatland forestry
|z Pahang
|
| 998 |
|
|
|a JPSM
|
| 999 |
|
|
|a 007874
|b Monograph
|c Open Shelf
|e Default branch
|
| 999 |
|
|
|a 008007
|b Monograph
|c Open Shelf
|e Default branch
|